00259nam a2200085Ia 4500008004100000041000800041100002000049245007600069260002800145241105s9999 xx 000 0 und d aeng aShende Akanksha aComparative Carbon Footprint Evaluation Of An Institutional Campus Pune bBNCA B ArchaPunec2016